000 01133nac a22003137a 4500
001 BR8301797
003 BR-BrBNA
005 20240105115643.0
008 230509b bl.|||m| |||| 00| 0 por d
040 _aBR-BrBNA
_bpor
_cBiblioteca Nacional de Agricultura
072 _aE70
090 _a1126 BR8301797
100 1 _aFernandes, T.A.G.
100 1 _aGadelha, R.S. de S.
100 1 _aAndrade, W.E. de B.
100 1 _aVieira, A.
110 1 _aEmpresa de Pesquisa Agropecuaria do Estado do Rio de Janeiro, Niteroi (Brasil)
245 1 _aRelacao peso/preco de revenda de frutos de abacaxi comercializados na CEASA - Grande Rio - nov-dez/1979 [Centrais de Abastecimento do Estado do Rio de Janeiro S.A., Brasil]
260 3 _aNiteroi, RJ (Brasil):
_c1983.
300 _a3 p.
490 _aComunicado Tecnico - Empresa de Pesquisa Agropecuaria do Estado do Rio de Janeiro (Brazil)
_vno. 128
_xISSN 0100-896X
650 _aABACAXI
650 _aSAFRA
650 _aMERCADO NACIONAL
650 _aPRECO MEDIO
650 _aRIO DE JANEIRO
909 _a202312
_bLúcia Elande
_c55
_dLúcia Elande
942 _2AGRIS
_n0
_cMS
999 _c275759
_d275759